000 00844nam a2200229 a 4500
001 13299
003 BD-JhCC
005 20230810085314.0
008 230810b20152017bg a|||| ||a| 000 0 ben d
035 _a(BD-JhCC)13299
040 _aBD-JhCC
_dBD-JhCC
041 _abengali
082 _a 297.63
_bKHA 2017
100 _aখান, সানিয়াসনাইন
245 _aছোটদের মূসা নবী (আ:) /
_cসানিয়াসনাইন খান, খান, অনু: মুহাম্মদ শামীম আখতার।
260 _aঢাকা:
_bদারুস সালাম বাংলাদেশ;
_c2017.
300 _a98 p. :
_c22 cm.
650 _aMusa
_xProphet
_zMuslim
700 _aআখতার, মুহাম্মদ শামীম
942 _2ddc
_cBK
999 _c13299
_d13299